[Event "St Petersburg-ch Seniors"]
[Site "St Petersburg"]
[Date "2022.09.24"]
[Round "1"]
[White "Nikitinyh, Boris Aleksandrovic"]
[Black "Provotorov, Alexandr P"]
[Result "0-1"]
[WhiteElo "1853"]
[BlackElo "2277"]
[PlyCount "132"]
[EventDate "2022.09.24"]
[EventType "swiss"]
[EventRounds "9"]
[EventCountry "RUS"]
[SourceTitle "CBM 210 Extra"]
[Source "ChessBase"]
[SourceDate "2022.11.30"]
[SourceVersion "1"]
[SourceVersionDate "2022.11.30"]
[SourceQuality "1"]

1. d4 Nf6 2. c4 e6 3. Nc3 Bb4 4. a3 Bxc3+ 5. bxc3 c5 6. e3 0-0 7. Bd3 Nc6 8. Nf3 d6 9. d5 Ne7 10. e4 e5 11. 0-0 Ng6 12. h3 Nh5 13. Re1 Nhf4 14. Bf1 f5 15. Kh2 fxe4 16. Rxe4 Qf6 17. Re3 Ne7 18. Ng1 Bf5 19. Ra2 h6 20. g3 Nfg6 21. Bg2 Nc8 22. Nf3 Qd8 23. Nd2 Nb6 24. a4 a5 25. Qe2 Bd7 26. Be4 Ne7 27. Bc2 Bf5 28. Bxf5 Nxf5 29. Rf3 Qd7 30. Qd3 Ne7 31. Rxf8+ Rxf8 32. Ne4 Nbc8 33. Be3 Kh8 34. Qe2 Ng8 35. Qg4 Qxg4 36. hxg4 Nf6 37. Nxf6 Rxf6 38. Rb2 b6 39. f4 exf4 40. gxf4 Rf8 41. Kg3 Re8 42. Kf3 Kg8 43. Bf2 Kf7 44. Bh4 g6 45. Rb1 h5 46. gxh5 gxh5 47. Rg1 b5 48. cxb5 Nb6 49. Rg5 Nxa4 50. Rxh5 Nxc3 51. b6 a4 52. f5 Nxd5 53. f6 Nxb6 54. Rh7+ Ke6 55. Ra7 Nd7 56. Rxa4 Nxf6 57. Ra6 Rf8 58. Ke2 Ne4 59. Ke3 Rh8 60. Be1 Kd5 61. Ra1 Ke5 62. Ba5 Rh3+ 63. Ke2 d5 64. Bc7+ Ke6 65. Ra6+ Kd7 66. Be5 d4 0-1

[Event "Chigorin Memorial 28th"]
[Site "St Petersburg"]
[Date "2021.10.28"]
[Round "6"]
[White "Nikitinyh, Boris Aleksandrovic"]
[Black "Shishkin, Vladislav"]
[Result "1-0"]
[WhiteElo "1958"]
[BlackElo "1568"]
[PlyCount "77"]
[EventDate "2021.10.23"]
[EventType "swiss"]
[EventRounds "9"]
[EventCountry "RUS"]
[SourceTitle "EXT 2023"]
[Source "ChessBase"]
[SourceDate "2022.10.05"]
[SourceVersion "1"]
[SourceVersionDate "2022.10.05"]
[SourceQuality "1"]

1. e4 e6 2. d4 d5 3. Nc3 Nf6 4. Bd3 c5 5. exd5 cxd4 6. Bb5+ Bd7 7. Bxd7+ Qxd7 8. Qxd4 Nc6 9. Qd3 Nb4 10. Qe2 Nfxd5 11. Nxd5 Nxd5 12. Bd2 Rc8 13. c3 Be7 14. Nf3 0-0 15. 0-0 Bf6 16. Rfd1 Qa4 17. Bg5 Qg4 18. h3 Qf5 19. Bxf6 Qxf6 20. Rd4 Rfe8 21. Rad1 Nf4 22. Qe4 e5 23. Rd6 Qe7 24. Rd7 Qe6 25. Ng5 Qg6 26. Qxg6 fxg6 27. Rxb7 h6 28. Ne4 Rc4 29. f3 Rf8 30. Rdd7 Ne6 31. Re7 Rc6 32. Rxa7 Rd8 33. Red7 Rb8 34. b3 g5 35. Kf2 Kh7 36. c4 Kg6 37. c5 Nxc5 38. Rxg7+ Kh5 39. Ng3+ 1-0

[Event "St Petersburg Korchnoi Memorial op"]
[Site "St Petersburg"]
[Date "2018.08.22"]
[Round "8"]
[White "Pesotskiy, Mikhail"]
[Black "Nikitinyh, Boris Aleksandrovic"]
[Result "1-0"]
[WhiteElo "2239"]
[BlackElo "2045"]
[PlyCount "95"]
[EventDate "2018.08.15"]
[EventType "swiss"]
[EventRounds "9"]
[EventCountry "RUS"]
[SourceTitle "CBM 186 Extra"]
[Source "ChessBase"]
[SourceDate "2018.08.24"]
[SourceVersion "1"]
[SourceVersionDate "2018.08.24"]
[SourceQuality "1"]

1. d4 Nf6 2. c4 g6 3. Nc3 Bg7 4. e4 d6 5. f3 0-0 6. Be3 Nc6 7. Nge2 Nd7 8. Qd2 Nb6 9. Nc1 e5 10. d5 Nd4 11. Nb3 c5 12. dxc6 Nxb3 13. axb3 bxc6 14. Rd1 Be6 15. Qxd6 Qc8 16. Be2 Qb7 17. 0-0 Nc8 18. Qa3 Re8 19. Bc5 Bf8 20. Bxf8 Rxf8 21. b4 Rb8 22. b5 cxb5 23. cxb5 Nb6 24. Ra1 Ra8 25. Rfd1 Nc4 26. Bxc4 Qb6+ 27. Kh1 Bxc4 28. Qb4 Rfc8 29. Nd5 Bxd5 30. Rxd5 Qe3 31. Rad1 Rc1 32. h3 Rac8 33. Qe7 Rxd1+ 34. Rxd1 Qf4 35. Qxa7 Rc1 36. Qg1 Rxd1 37. Qxd1 Qe3 38. Qc2 h5 39. Qc3 Qf2 40. Qxe5 h4 41. Qb8+ Kh7 42. b6 Qxb2 43. Qc7 Qa1+ 44. Kh2 Qa5 45. Qxf7+ Kh6 46. Qf4+ g5 47. Qd6+ Kh5 48. b7 1-0

[Event "Chigorin Memorial 25th"]
[Site "St Petersburg"]
[Date "2017.10.26"]
[Round "6"]
[White "Nikitinyh, Boris Aleksandrovic"]
[Black "Vasilyev, Vasily"]
[Result "0-1"]
[WhiteElo "2027"]
[BlackElo "2291"]
[PlyCount "76"]
[EventDate "2017.10.21"]
[EventType "swiss"]
[EventRounds "9"]
[EventCountry "RUS"]
[SourceTitle "CBM 181 Extra"]
[Source "ChessBase"]
[SourceDate "2017.12.12"]
[SourceVersion "1"]
[SourceVersionDate "2017.12.12"]
[SourceQuality "1"]

1. e4 c5 2. Nc3 d6 3. g3 Nc6 4. Bg2 g6 5. Nf3 Bg7 6. 0-0 e6 7. Re1 Nge7 8. d3 0-0 9. Bg5 Rb8 10. Qd2 Nd4 11. Bh6 Nec6 12. Bxg7 Kxg7 13. Nxd4 cxd4 14. Ne2 e5 15. c3 Bg4 16. f3 Qb6 17. Kh1 Be6 18. c4 Qb4 19. Qc2 b5 20. a3 Qa4 21. b3 Qa6 22. Nc1 Rfc8 23. Qd1 Qa5 24. Ra2 Rc7 25. Bf1 Rcb7 26. Be2 Qc7 27. Rc2 h5 28. h4 Qd7 29. Rg1 Bxc4 30. g4 Be6 31. gxh5 Bxb3 32. Bf1 Bxc2 33. Qxc2 Rh8 34. hxg6 Rxh4+ 35. Kg2 fxg6 36. Kf2 b4 37. Ke1 bxa3 38. Ne2 Nb4 0-1

[Event "Chigorin Memorial 24th"]
[Site "St Petersburg"]
[Date "2016.10.20"]
[Round "6"]
[White "Nuritdinov, Nizomiddin"]
[Black "Nikitinyh, Boris Aleksandrovic"]
[Result "1-0"]
[WhiteElo "1865"]
[BlackElo "2114"]
[PlyCount "87"]
[EventDate "2016.10.15"]
[EventType "swiss"]
[EventRounds "9"]
[EventCountry "RUS"]
[SourceTitle "CBM 175 Extra"]
[Source "ChessBase"]
[SourceDate "2016.12.12"]
[SourceVersion "1"]
[SourceVersionDate "2016.12.12"]
[SourceQuality "1"]

1. d4 Nf6 2. Nf3 g6 3. g3 Bg7 4. Bg2 0-0 5. 0-0 d6 6. c3 Nbd7 7. Re1 e5 8. dxe5 Nxe5 9. Nxe5 dxe5 10. e4 Bg4 11. f3 Be6 12. Be3 Qe7 13. Na3 Nd7 14. Qc2 a6 15. b4 a5 16. Nb5 axb4 17. cxb4 Qxb4 18. Reb1 Qa5 19. Qxc7 b6 20. a4 Rfc8 21. Qd6 Bf8 22. Qd1 Rc4 23. Bd2 Qa6 24. Bf1 Qc8 25. Bxc4 Bxc4 26. Rc1 Bc5+ 27. Kg2 Be6 28. Be3 Qf8 29. Bxc5 Nxc5 30. Rc3 Rd8 31. Qe1 Bb3 32. a5 bxa5 33. Qe3 a4 34. Rxc5 Rd2+ 35. Qxd2 Qxc5 36. Na3 Kg7 37. Qb2 f6 38. Rc1 Qe3 39. Nc4 Qa7 40. Nd2 Bf7 41. Nc4 Qa6 42. Na3 h5 43. Rc7 g5 44. Qa2 1-0

[Event "Chigorin Memorial 24th"]
[Site "St Petersburg"]
[Date "2016.10.15"]
[Round "1"]
[White "Nikitinyh, Boris Aleksandrovic"]
[Black "Sengupta, Deep"]
[Result "0-1"]
[WhiteElo "2114"]
[BlackElo "2570"]
[PlyCount "52"]
[EventDate "2016.10.15"]
[EventType "swiss"]
[EventRounds "9"]
[EventCountry "RUS"]
[SourceTitle "CBM 175 Extra"]
[Source "ChessBase"]
[SourceDate "2016.12.12"]
[SourceVersion "1"]
[SourceVersionDate "2016.12.12"]
[SourceQuality "1"]

1. e4 e6 2. g3 d5 3. Nc3 d4 4. Nce2 c5 5. d3 Nc6 6. Bg2 g6 7. f4 Bg7 8. Nf3 Nge7 9. 0-0 0-0 10. Bd2 b6 11. Qe1 f5 12. Rd1 Bb7 13. h3 Qd7 14. g4 Rae8 15. Ng3 e5 16. Nh2 fxe4 17. Nxe4 Nd5 18. f5 Nce7 19. fxg6 Nxg6 20. Qg3 Ngf4 21. Bf3 Ne3 22. Bxe3 dxe3 23. Rfe1 e2 24. Bxe2 Bxe4 25. dxe4 Nxe2+ 26. Kg2 Qb5 0-1

[Event "St Petersburg Summer op"]
[Site "St Petersburg"]
[Date "2016.08.24"]
[Round "8"]
[White "Nikitinyh, Boris Aleksandrovic"]
[Black "Fridman, Anatoly"]
[Result "1-0"]
[WhiteElo "2099"]
[BlackElo "2191"]
[PlyCount "117"]
[EventDate "2016.08.17"]
[EventType "swiss"]
[EventRounds "9"]
[EventCountry "RUS"]
[SourceTitle "CBM 174 Extra"]
[Source "ChessBase"]
[SourceDate "2016.10.10"]
[SourceVersion "1"]
[SourceVersionDate "2016.10.10"]
[SourceQuality "1"]

1. e4 e5 2. Nf3 Nc6 3. Bb5 a6 4. Ba4 Nf6 5. 0-0 b5 6. Bb3 Be7 7. Re1 d6 8. h3 0-0 9. a4 Bb7 10. Nc3 Na5 11. Ba2 b4 12. Nd5 c5 13. Nxe7+ Qxe7 14. d3 Qc7 15. Nh4 b3 16. Bxb3 Nxb3 17. cxb3 Bc8 18. Nf3 Rb8 19. Nd2 Ne8 20. Nc4 Be6 21. Bd2 Qb7 22. Ra3 Qd7 23. a5 Nc7 24. Nb6 Qb5 25. Bc3 f5 26. f4 exf4 27. exf5 Rxf5 28. Qf3 Rbf8 29. Ra4 R5f7 30. Rae4 Bd7 31. Re7 Bf5 32. Nc4 Ne8 33. Qd5 Bg6 34. Qe6 Bf5 35. Qd5 Bg6 36. h4 h5 37. Kh2 Kh7 38. Rxf7 Rxf7 39. Re2 Qd7 40. Qe6 Qxe6 41. Rxe6 Rd7 42. d4 Bf7 43. Re2 Nf6 44. dxc5 Ng4+ 45. Kg1 Bxc4 46. bxc4 dxc5 47. Rd2 Re7 48. Rd5 g6 49. Rxc5 Kg8 50. Rc6 Kf7 51. Rxa6 Rd7 52. Kf1 Rd1+ 53. Ke2 Rg1 54. Kf3 Rf1+ 55. Ke4 g5 56. hxg5 h4 57. g6+ Ke7 58. Bb4+ Kd7 59. g7 1-0

[Event "Chigorin Memorial 23rd"]
[Site "St Petersburg"]
[Date "2015.10.07"]
[Round "5"]
[White "Nikitinyh, Boris Aleksandrovic"]
[Black "Artamonov, Valery"]
[Result "0-1"]
[WhiteElo "2065"]
[BlackElo "2287"]
[PlyCount "104"]
[EventDate "2015.10.03"]
[EventType "swiss"]
[EventRounds "9"]
[EventCountry "RUS"]
[SourceTitle "CBM 168 Extra"]
[Source "ChessBase"]
[SourceDate "2015.10.29"]
[SourceVersion "1"]
[SourceVersionDate "2015.10.29"]
[SourceQuality "1"]

1. e4 g6 2. d4 Bg7 3. Nc3 d5 4. Nf3 c5 5. Bb5+ Kf8 6. 0-0 a6 7. Bd3 cxd4 8. Nxd5 e6 9. Nf4 Nc6 10. Bd2 Nge7 11. Qe2 b6 12. Rac1 Qd6 13. Rfe1 Bb7 14. h4 e5 15. Nh3 Bc8 16. Nh2 h6 17. h5 g5 18. Ng4 a5 19. Bc4 Ra7 20. a3 Ng8 21. f3 Nf6 22. Nxf6 Bxf6 23. Nf2 Kg7 24. Nh1 Bd7 25. Ng3 Ne7 26. Bd3 Rd8 27. c4 dxc3 28. Rxc3 Nc6 29. Be3 Nd4 30. Qf2 Kg8 31. Rec1 Bg7 32. Bc4 b5 33. Bd5 b4 34. Rc5 Be6 35. Ne2 Bxd5 36. Rxd5 Qf6 37. Bxd4 exd4 38. e5 Qb6 39. Rc6 Qb8 40. Rxd8+ Qxd8 41. Rd6 Rd7 42. Qxd4 Bxe5 43. Rxd7 Bxd4+ 44. Rxd4 Qe7 45. Kf2 bxa3 46. bxa3 Qxa3 47. g4 a4 48. Rd8+ Kh7 49. Nd4 Qb2+ 50. Ke3 a3 51. Rc8 a2 52. Nc2 Qc1+ 0-1

[Event "Chigorin Memorial 22nd"]
[Site "St Petersburg"]
[Date "2014.10.26"]
[Round "9"]
[White "Nikitinyh, Boris Aleksandrovic"]
[Black "Babanin, Gleb"]
[Result "1-0"]
[WhiteElo "2138"]
[BlackElo "1883"]
[PlyCount "51"]
[EventDate "2014.10.18"]
[EventType "swiss"]
[EventRounds "9"]
[EventCountry "RUS"]
[SourceTitle "EXT 2015"]
[Source "ChessBase"]
[SourceDate "2014.11.20"]
[SourceVersion "1"]
[SourceVersionDate "2014.11.20"]
[SourceQuality "1"]

1. e4 e5 2. Nf3 Nc6 3. Bb5 a6 4. Ba4 Nf6 5. 0-0 Be7 6. Re1 b5 7. Bb3 d6 8. a4 Bb7 9. c3 Nb8 10. d3 Nbd7 11. Nbd2 0-0 12. Nf1 Re8 13. Ng3 Bf8 14. Ng5 Re7 15. Nf5 d5 16. Nxe7+ Bxe7 17. exd5 Nxd5 18. Qh5 Bxg5 19. Bxg5 Qe8 20. d4 e4 21. Qh4 N5f6 22. Re3 h6 23. Bxh6 bxa4 24. Rg3 axb3 25. Bxg7 Nh7 26. Bf6+ 1-0